Memoria reservada de Don Domingo Moriones sobre el gobierno de Filipinas (1877-1880) / (Record no. 144940)

MARC details
000 -LEADER
fixed length control field nam a22 7a 4500
005 - DATE AND TIME OF LATEST TRANSACTION
control field 20181008135555.0
008 - FIXED-LENGTH DATA ELEMENTS--GENERAL INFORMATION
fixed length control field 181008b sp ||||| |||| 00| 0 spa d
020 ## - INTERNATIONAL STANDARD BOOK NUMBER
International Standard Book Number 8477190836
050 04 - LIBRARY OF CONGRESS CALL NUMBER
Classification number DS675.8.M67
Item number M46 1988
245 00 - TITLE STATEMENT
Title Memoria reservada de Don Domingo Moriones sobre el gobierno de Filipinas (1877-1880) /
Statement of responsibility, etc Edición y notas de Jesús Paniagua Pérez
260 ## - PUBLICATION, DISTRIBUTION, ETC. (IMPRINT)
Place of publication, distribution, etc España :
Name of publisher, distributor, etc Universidad de León,
Date of publication, distribution, etc 1988
300 ## - PHYSICAL DESCRIPTION
Extent 206 p. ;
Dimensions 24 cm
504 ## - BIBLIOGRAPHY, ETC. NOTE
Bibliography, etc Bibliografía
651 #7 - SUBJECT ADDED ENTRY--GEOGRAPHIC NAME
Source of heading or term lemb
Geographic name Filipinas
General subdivision Historia
Chronological subdivision 1812-1898
Form subdivision Fuentes
651 #7 - SUBJECT ADDED ENTRY--GEOGRAPHIC NAME
Source of heading or term lemb
Geographic name España
General subdivision Colonias
Geographic subdivision Asia
General subdivision Administración
-- Historia
Chronological subdivision Siglo XIX
Form subdivision Fuetes
700 1# - ADDED ENTRY--PERSONAL NAME
Personal name Paniagua Pérez, Jesús
942 ## - ADDED ENTRY ELEMENTS (KOHA)
Source of classification or shelving scheme Biblioteca del Cogreso de los Estados Unidos
Koha item type Libro
Holdings
Estado de pérdida Fuente de clasificación Estado del daño No para préstamo Ubicación permanente Ubicación actual Apartado o colección Fecha de adquisición Edición Dependencia de educación superior (DES) Área del conocimiento Clasificación Código de Barras Date last seen Número de copia Tipo de recurso
  Biblioteca del Cogreso de los Estados Unidos     Biblioteca del Instituto de Investigaciones Históricas Biblioteca del Instituto de Investigaciones Históricas General 08/10/2018 1a ed. Humanidades Ciencias Sociales y Administrativas DS675.8.M67 M46 1988 IIH000026717 08/10/2018 C: 1 Libro